Electrical Installation Work 2 (Record no. 293174)

MARC details
000 -LEADER
fixed length control field 00409nam a2200157Ia 4500
008 - FIXED-LENGTH DATA ELEMENTS--GENERAL INFORMATION
fixed length control field 230718s9999 xx 000 0 und d
041 ## - LANGUAGE CODE
Language code of text/sound track or separate title eng
082 ## - DEWEY DECIMAL CLASSIFICATION NUMBER
Classification number 621.319'2
Item number BEY
100 ## - MAIN ENTRY--PERSONAL NAME
Personal name Beynon E.R.
9 (RLIN) 137234
245 ## - TITLE STATEMENT
Title Electrical Installation Work 2
260 ## - PUBLICATION, DISTRIBUTION, ETC. (IMPRINT)
Date of publication, distribution, etc. 1969
Name of publisher, distributor, etc. Hutchinson T E
300 ## - PHYSICAL DESCRIPTION
Extent 306
365 ## - TRADE PRICE
Currency code Rs.
700 ## - ADDED ENTRY--PERSONAL NAME
Personal name Beynon E.R. & Cuumins T.J.
9 (RLIN) 185452
906 ## - LOCAL DATA ELEMENT F, LDF (RLIN)
d B:01-Aug-2008
c ELECT
Holdings
Withdrawn status Lost status Damaged status Not for loan Home library Current library Date acquired Vendor Budget Code Total Checkouts Full call number Barcode Date last seen Bill Date Koha item type Original Barcode
        Cummins College of Engineering for Women Pune Cummins College of Engineering for Women Pune 09/02/1995 British Library ELECT   621.319'2 CCEP-BK-4279 18/07/2023 30/01/1995 Books 004279